000 00516cam a22001694a 4500
005 20250605164217.0
008 250528s ||||||||||||||||||||||||d
035 _a20527
040 _aGR-AtMCL
_bgre
_dGR-AtMCL
_eAACR2
245 1 _aΤο Ημερολόγιο της Ελλάδος και του Κόσμου / Τα Γεγονότα της Χρονιάς
260 _c1994
300 _a848
700 1 _aΜιχαλόπουλος Γρηγόρης Α
_94943
942 _cBK
999 _c5626
_d5626